Co znajdę w lodówce - Statystyki

Ogólne statystyki
  • Ten quiz został rozwiązany 53 razy
  • Średni wynik to 6 z 9
Statystyki odpowiedzi
Odpowiedź % Poprawnych
Ser
96%
Mleko
93%
Masło
78%
Szynka
76%
Warzywa
76%
Jogurt
70%
Owoce
67%
Jajko
52%
Sok
35%
Nie znaleziono quizów pasujących do podanych kryteriów
Rozkład punktacji
Procent ludzi z każdym wynikiem
Percentyl według liczby udzielonych odpowiedzi
Twoja historia wyników
Nie rozwiązałeś tego quizu